BIBLIOTHÈQUE DE LA MAISON DU MEXIQUE

Logo 1 Logo 2

Le Mexique puni (notice nᵒ 7289)

détails MARC
000 -Sello discográfico
campo de control de longitud fija 01102nam a2200313 4500
005 - Identificación de versión
campo de control 20251016084754.0
010 ## - Número Estándar Internacional de Libros (ISBN)
Número (ISBN) 978-2264-006-141
099 ## - fechas locales
Tipo de ítem Koha LIBRO
100 ## - Datos de procesamiento general
Datos de procesamiento general 20240715d1984 m y1spay5003 ba
105 ## - Campo de datos codificados: Material textual, monográfico
Datos codificados de monografía y 001cy
200 1# - Título y mención de responsabilidad
Título propio Le Mexique puni
Designación general del material texto impreso
Otra información del título suivi de le Droit à la vie
Primer mención de responsabilidad Jack London
Declaración de responsabilidad subsiguiente traduction et notes Charles-Noël Martin, Luis Postif
-- préface et bibliographie Francis Lacassin
210 ## - Publicación, distribución, etc.
Lugar de publicación, distribución, etc. Paris
Nombre del editor, distribuidor, etc. Union Générale d'Editions
-- 10-18
Fecha de publicación, distribución, etc. 1984
215 ## - Descripción física
Designación de material específico y extensión del ítem 313 p
Dimensiones 18 cm
345 ## - Nota de información de adquisición
Fuente de adquisición/dirección de la suscripción [OBSOLETO] Donación
410 #1 - Series
Título Série l'Appel de la Vie
Número de volumen 1640
606 ## - Término temático usado como materia
Elemento de entrada Ensayos norteamericanos
Subdivisión temática Siglo XX
Número Koha 13211
660 ## - Código de área geográfica
Código MX
700 ## - Nombre personal - Responsabilidad primaria
Elemento de entrada Chaney
Parte del nombre distinta del elemento de entrada John Griffith
Fechas 1876-1916
Adiciones a los nombres que no sean fechas Jack London
Número Koha 1267
702 ## - Nombre personal - Responsabilidad secundaria
Elemento de entrada Lacassin
Parte del nombre distinta del elemento de entrada Francis
Fechas 1931-2008
Número Koha 13212
702 ## - Nombre personal - Responsabilidad secundaria
Elemento de entrada Martín
Parte del nombre distinta del elemento de entrada Charles-Noël
Fechas 1923-2005
Número Koha 13213
702 ## - Nombre personal - Responsabilidad secundaria
Elemento de entrada Postif
Parte del nombre distinta del elemento de entrada Louis
Fechas 1887-1942
Número Koha 13214
801 #0 - Fuente de origen
País FR
Agencia cm
Reglas de catalogación (convenciones descriptivas) AFNOR
900 ## -
-- 1/22849
900 ## -
-- 7100417642\080104
942 ## - ELEMENTOS DE ENTRADA SECUNDARIOS (KOHA)
Tipo de ítem Koha Livre
996 ## -
-- MEX
-- 751145101
-- MMAG
-- 010674
-- 814.5 L847M
-- 20240715LIV
Exemplaires
Estatus retirado Estado de daño Estado de pérdida Fecha de adquisición Biblioteca de origen Biblioteca actual Ubicación en estantería Código de barras Precio de reemplazo Signatura topográfica completa No para préstamo Tipo de ítem Koha Nota pública Nota no pública
      05/08/2025 Casa México Paris Casa México Paris   010674 05/08/2025 814.5 L847M   Livre 20240715LIV 751145101